Kvetení v závislosti na fotoperiodismu a na změnách teploty

Bibliographic Details
Main Author: Krekule, Jan, 1931-2022 (Author)
Format: Article
Language:Czech
PhysicalDescription:Grafy 2.
Subjects:

MARC

LEADER 00000nab a2200000 a 4500
001 vtls000108861
003 SK-MaSNL
005 20260304212738.0
008 160202c1982 xo 0 cze
015 |a SNBRB19rr/mm-uuuuu 
035 |a CL0118964 
040 |a SNKBUCL  |b slo  |c SNKBUCL  |e AACR2 
041 0 |a cze 
044 |a xo  |c SK 
080 |a 581.1  |2 1981 
100 1 |a Krekule, Jan,  |d 1931-2022  |4 aut  |9 7025 
245 1 0 |a Kvetení v závislosti na fotoperiodismu a na změnách teploty  |c Jan Krekule 
300 |b Grafy 2. 
650 0 7 |a rastliny  |2 snkbucl  |9 690 
650 0 7 |a kvitnutie rastlín  |2 snkbucl  |9 961114 
655 7 |a články z novín a časopisov  |2 snkbucl  |9 267496 
773 0 |t Záhradníctvo  |g Roč. 7, č. 3 (1982), s. 114-115 
850 |a Slovenská národná knižnica v Martine  |a MTA001 
852 |a SNK  |b KIS3GCP 
958 |a RK 
958 |a CZ 
992 |a RBX 
999 |c 3132813  |d 3134743